| 000 | 00674nss a2200241 a 4500 | ||
|---|---|---|---|
| 003 | AR-BaBNM | ||
| 005 | 20251128211555.0 | ||
| 008 | 104120s2001 ||||||||||||||000 | spa|| | ||
| 022 | _a0329-7853 | ||
| 040 | _cAR-BaBNM | ||
| 245 | 1 | 0 |
_aSociedad y niñez _bser niño en un mundo de contradicciones |
| 246 | 1 |
_a0 a 5 _bla educación en los primeros años |
|
| 260 |
_aBuenos Aires _bEdiciones Novedades Educativas _c2001 |
||
| 300 | 0 |
_a108 p. _bil., tabls. |
|
| 362 | 1 | _aAño 1, no. 1- | |
| 650 | 4 | _aINFANCIA | |
| 650 | 4 | _aNINOS ABANDONADOS | |
| 650 | 4 | _aVIOLENCIA | |
| 653 | 0 | _aGENERO | |
| 653 | 0 | _aDISCRIMINACION EDUCATIVA | |
| 942 | _cCR | ||
| 998 | _cme-solo cat | ||
| 999 |
_c20257 _d20257 |
||